|
|
|
|
| LEADER |
00000naa2a2200000 4500 |
| 001 |
454029 |
| 005 |
20241102104053.0 |
| 035 |
|
|
|a (RuTPU)RU\TPU\prd\117103
|
| 035 |
|
|
|a RU\TPU\tpu\8149
|
| 090 |
|
|
|a 454029
|
| 100 |
|
|
|a 20110824a1969 k y0rusy50 ca
|
| 102 |
|
|
|a RU
|
| 200 |
1 |
|
|a Повышение стойкости быстрорежущих свёрл
|f Д. В. Кожевников, Ю. В. Щепетильников
|
| 461 |
|
0 |
|0 (RuTPU)RU\TPU\prd\97
|t Вестник машиностроения
|o научно-технический и производственный журнал
|f Орган Госкомитета Совета Министров СССР по науке и технике
|d 1943-
|
| 463 |
|
0 |
|0 (RuTPU)RU\TPU\prd\117101
|t № 5
|v С. 68-69
|d 1969
|
| 610 |
1 |
|
|a режущий инструмент
|
| 610 |
1 |
|
|a сверла
|
| 610 |
1 |
|
|a труды учёных ТПУ
|
| 700 |
|
1 |
|a Кожевников
|b Д. В.
|c специалист в области машиностроения
|c доцент Томского политехнического университета
|f 1928-2006
|g Дмитрий Васильевич
|3 (RuTPU)RU\TPU\pers\27953
|
| 701 |
|
1 |
|a Щепетильников
|b Ю. В.
|
| 801 |
|
0 |
|a RU
|b 63413507
|c 20020118
|g PSBO
|
| 801 |
|
2 |
|a RU
|b 63413507
|c 20140711
|g RCR
|
| 942 |
|
|
|c BK
|